TVT-6 Hobart commercial television licence renewal : IL/88/126, July 1989 : a report /

Saved in:
Bibliographic Details
Corporate Author: Australian Broadcasting Tribunal
Format: Book
Language:English
Published: North Sydney, NSW : The Tribunal, 1989.
Series:Public inquiry report
Subjects:
LEADER 01097nam a2200277 a 4500
001 c000186767
003 CARM
005 20000914201140.0
008 900109s1989 xna f000 0 eng d
019 1 |a 6803059  |5 LACONCORD2021 
035 |a (OCoLC)221109481  |5 LACONCORD2021 
040 |a NSL:R  |b eng  |c NSL:R  |d NSL:R 
042 |a anuc 
043 |a u-at-tm 
082 0 4 |a 384.55453099461  |2 20 
082 0 4 |a 384.55453099461  |2 20 
110 2 |a Australian Broadcasting Tribunal. 
245 1 0 |a TVT-6 Hobart commercial television licence renewal :  |b IL/88/126, July 1989 : a report /  |c by the Australian Broadcasting Tribunal. 
260 |a North Sydney, NSW :  |b The Tribunal,  |c 1989. 
300 |a 20 p. ;  |c 30 cm. 
440 0 |a Public inquiry report 
610 2 0 |a TVT-6 (Television station : Hobart, Tas.) 
650 0 |a Television stations  |x Licenses  |z Tasmania  |z Hobart. 
852 8 |b CARM  |h A2:AR24F0  |i E01704  |p 0261005  |f BK 
999 f f |i 2c50ff5f-c868-55e2-8e13-56773912b95c  |s 7265057c-40f6-5fba-944d-8cafa5fc312a 
952 f f |p Can circulate  |a CAVAL  |b CAVAL  |c CAVAL  |d CARM 1 Store  |e E01704  |f A2:AR24F0  |h Other scheme  |i book  |m 0261005